Guess the BFDI Characters by Nickname - Statistics

General Stats
  • This quiz has been taken 501 times
  • The average score is 11 of 20
Answer Stats
Nickname Character % Correct
Water Droplet Teardrop
97%
Bember Bubble
88%
Bossy Bot Golf Ball
83%
Thunder Lightning
73%
Man David
69%
Fashion Queen Flower
69%
Blob Boy Gelatin
64%
Bedhead Pillow
63%
Ringy Bracelety
61%
Football Leafy
59%
Zero Donut
57%
Switcheroo Liy
51%
Little Gray Zigzag Saw
45%
Shatter Sound Ruby
44%
Partner in Crime Pin
35%
Fishy Friend Taco
34%
Dumb Jerk Firey
33%
Murderer Four
32%
Stabber Needle
32%
Hideous Menace Ice Cube
20%
No matching quizzes found
Score Distribution
Percent of People with Each Score
Percentile by Number Answered
Your Score History
You have not taken this quiz